000 00378nam a2200133Ia 4500
005 20260328101450.0
008 260328s9999||||xx |||||||||||||| ||und||
100 _ade Fusco, Renato
245 0 _aArquitectura como "Mass Medium" :
_b Notas para una semiología Arquitectónica /
_cRenato de Fusco
260 _bAnagrama
300 _a190 p.
650 _aARQUITECTURA
942 _cBK
999 _c8630
_d8630